<?xml version="1.0" encoding="UTF-8"?>
<record
    xmlns:xsi="http://www.w3.org/2001/XMLSchema-instance"
    xsi:schemaLocation="http://www.loc.gov/MARC21/slim http://www.loc.gov/standards/marcxml/schema/MARC21slim.xsd"
    xmlns="http://www.loc.gov/MARC21/slim">

  <leader>00849nam a2200217Ia 4500</leader>
  <controlfield tag="003">IN-BaIIA</controlfield>
  <controlfield tag="008">211028s9999    xx            000 0 eng d</controlfield>
  <datafield tag="040" ind1=" " ind2=" ">
    <subfield code="c">IIA Library</subfield>
  </datafield>
  <datafield tag="080" ind1=" " ind2=" ">
    <subfield code="a">528.7(082.1)</subfield>
    <subfield code="b">PHO</subfield>
  </datafield>
  <datafield tag="111" ind1=" " ind2=" ">
    <subfield code="a">Symposium Photoelectric Photometry</subfield>
    <subfield code="n">2nd</subfield>
    <subfield code="c">New Zeland</subfield>
    <subfield code="d">1982 May 10-12</subfield>
    <subfield code="9">13273</subfield>
  </datafield>
  <datafield tag="245" ind1=" " ind2="0">
    <subfield code="a">Photoelectric photometry</subfield>
    <subfield code="b">proceedings of the second New Zeland symposium, Auckland, New Zeland May 10-12, 1982</subfield>
    <subfield code="c">edited by G. L. Blow and McIntosh R.                                                 </subfield>
  </datafield>
  <datafield tag="260" ind1=" " ind2=" ">
    <subfield code="a">New Zealand</subfield>
    <subfield code="b">Royal Astronomical Society</subfield>
    <subfield code="c">1982</subfield>
  </datafield>
  <datafield tag="300" ind1=" " ind2=" ">
    <subfield code="a">209p.</subfield>
  </datafield>
  <datafield tag="490" ind1=" " ind2=" ">
    <subfield code="a">Southern stars; v. 30</subfield>
  </datafield>
  <datafield tag="650" ind1=" " ind2=" ">
    <subfield code="a">Astronomy and astrophysics thesaurus</subfield>
  </datafield>
  <datafield tag="650" ind1=" " ind2=" ">
    <subfield code="a">Photoelectric photometry</subfield>
    <subfield code="9">2971</subfield>
  </datafield>
  <datafield tag="650" ind1=" " ind2=" ">
    <subfield code="a">Photometry</subfield>
    <subfield code="9">1839</subfield>
  </datafield>
  <datafield tag="700" ind1=" " ind2=" ">
    <subfield code="a">Blow, G. L., ed.</subfield>
    <subfield code="9">13274</subfield>
  </datafield>
  <datafield tag="700" ind1=" " ind2=" ">
    <subfield code="a">McIntosh, R., ed.</subfield>
    <subfield code="9">13275</subfield>
  </datafield>
  <datafield tag="942" ind1=" " ind2=" ">
    <subfield code="c">BK</subfield>
  </datafield>
  <datafield tag="999" ind1=" " ind2=" ">
    <subfield code="c">7863</subfield>
    <subfield code="d">7863</subfield>
  </datafield>
  <datafield tag="952" ind1=" " ind2=" ">
    <subfield code="0">0</subfield>
    <subfield code="1">0</subfield>
    <subfield code="4">0</subfield>
    <subfield code="7">0</subfield>
    <subfield code="a">BAN</subfield>
    <subfield code="b">BAN</subfield>
    <subfield code="c">GEN</subfield>
    <subfield code="d">1984-02-29</subfield>
    <subfield code="l">0</subfield>
    <subfield code="o">528.7(082.1)/ PHO</subfield>
    <subfield code="p">8684</subfield>
    <subfield code="r">2021-11-05</subfield>
    <subfield code="w">1984-02-29</subfield>
    <subfield code="y">BK</subfield>
    <subfield code=" ">23.00</subfield>
  </datafield>
</record>
